Normal view
MARC view
- Odutoye, Tunde
Entry Personal Name
001 - CONTROL NUMBER
- control field: 126768
003 - CONTROL NUMBER IDENTIFIER
- control field: NUST
005 - DATE AND TIME OF LATEST TRANSACTION
- control field: 20241106122535.0
008 - FIXED-LENGTH DATA ELEMENTS
- fixed length control field: 241106|| aca||aabn | a|a d
040 ## - CATALOGING SOURCE
- Original cataloging agency: NUST
- Transcribing agency: NUST
100 ## - HEADING--PERSONAL NAME
- Personal name: Odutoye, Tunde
670 ## - SOURCE DATA FOUND
- Source citation: Work cat.: (NUST): Mannu, Gurdeep Singh 126764, ENT MCQs for medical students :, 2010.
